[Event "BL 1617 Werder Bremen - SV Griesheim"]
[Site "?"]
[Date "2016.10.15"]
[Round "1.7"]
[White "Grabarczyk, Bogdan"]
[Black "Markgraf, Rolf-Alexander"]
[Result "1/2-1/2"]
[WhiteElo "2395"]
[BlackElo "2523"]
[PlyCount "88"]
[EventDate "2016.??.??"]

1. e4 c5 2. Nf3 d6 3. d4 cxd4 4. Nxd4 Nf6 5. Nc3 Nc6 6. Bg5 e6 7. Qd2 a6 8.
O-O-O Bd7 9. Be2 b5 10. Nxc6 Bxc6 11. Bf3 Be7 12. Bxf6 gxf6 13. Ne2 Qb6 14. Nd4
Bd7 15. Kb1 Rc8 16. Rhe1 a5 17. Qh6 a4 18. Qg7 Rf8 19. Qxh7 a3 20. Qh6 axb2 21.
Qe3 Qc5 22. Qb3 Bd8 23. Qxb2 Qe5 24. g3 Bb6 25. Be2 Ba5 26. f4 Qxe4 27. Nxb5
Ke7 28. Nxd6 Qxc2+ 29. Qxc2 Rxc2 30. Nf5+ exf5 31. Kxc2 Ba4+ 32. Kb2 Rb8+ 33.
Ka3 Bxd1 34. Rxd1 Rh8 35. Rh1 Rd8 36. Bc4 Rd2 37. Re1+ Kf8 38. Re2 Rxe2 39.
Bxe2 Bb6 40. h3 Bf2 41. g4 fxg4 42. hxg4 f5 43. gxf5 f6 44. Kb4 Ke7 1/2-1/2

[Event "BL 1617 Werder Bremen - SV Griesheim"]
[Site "?"]
[Date "2016.10.15"]
[Round "1.8"]
[White "Koop, Thorben"]
[Black "Spitzl, Vinzent"]
[Result "1/2-1/2"]
[WhiteElo "2423"]
[BlackElo "2146"]
[PlyCount "88"]
[EventDate "2016.??.??"]

1. Nf3 d5 2. g3 Nf6 3. Bg2 c6 4. O-O Bg4 5. d3 Nbd7 6. c4 e5 7. cxd5 Nxd5 8.
Nc3 Bd6 9. Nxd5 cxd5 10. h3 Bf5 11. e4 Be6 12. d4 dxe4 13. Ng5 Nf6 14. Nxe6
fxe6 15. dxe5 Bxe5 16. Qe2 O-O 17. Rd1 Qe7 18. Bxe4 Nxe4 19. Qxe4 Qf6 20. Be3
Bxb2 21. Rab1 b6 22. Rd7 Qe5 23. Qc2 Bc3 24. Rc1 Bb2 25. Rb1 Bc3 26. Rc1 Bb2
27. Rcd1 Bc3 28. Bf4 Qf6 29. Rc7 Bd4 30. Qc4 Be5 31. Rc6 Rae8 32. Re1 Bxf4 33.
Rcxe6 Rxe6 34. Rxe6 Qf7 35. gxf4 h6 36. Re4 Qxc4 37. Rxc4 Rf5 38. Kg2 Ra5 39.
a4 Kf7 40. Kf3 Kf6 41. Ke4 Ke6 42. Rc6+ Kf7 43. Rc7+ Kg8 44. Rc4 Kf7 1/2-1/2

[Event "BL 1617 Schwäbisch Hall - SG Trier"]
[Site "?"]
[Date "2016.10.15"]
[Round "1.1"]
[White "Erdos, Viktor"]
[Black "Matlakov, Maxim Sergeevich"]
[Result "1/2-1/2"]
[WhiteElo "2585"]
[BlackElo "2691"]
[PlyCount "41"]
[EventDate "2016.??.??"]

1. d4 Nf6 2. c4 e6 3. Nc3 Bb4 4. Qc2 d5 5. cxd5 exd5 6. Bg5 h6 7. Bxf6 Qxf6 8.
a3 Bxc3+ 9. Qxc3 O-O 10. e3 Bf5 11. Ne2 c6 12. Ng3 Nd7 13. Be2 Bg6 14. O-O Qd6
15. b4 f5 16. f4 Rae8 17. Rfe1 Re6 18. Bd3 Qe7 19. Nf1 Bh7 20. b5 g5 21. bxc6
1/2-1/2

[Event "BL 1617 Schwäbisch Hall - SG Trier"]
[Site "?"]
[Date "2016.10.15"]
[Round "1.2"]
[White "Laznicka, Viktor"]
[Black "Lupulescu, Constantin"]
[Result "1/2-1/2"]
[WhiteElo "2651"]
[BlackElo "2609"]
[PlyCount "43"]
[EventDate "2016.??.??"]

1. f4 c5 2. Nf3 g6 3. e4 Bg7 4. g3 Nc6 5. Bg2 Nf6 6. d3 O-O 7. O-O d6 8. Nbd2
Rb8 9. a4 a6 10. h3 b5 11. g4 Nd7 12. axb5 axb5 13. Rf2 Bb7 14. Nf1 Ra8 15. Rb1
Ra2 16. c3 Qa8 17. Be3 Qa4 18. d4 Qxd1 19. Rxd1 cxd4 20. Nxd4 Nxd4 21. cxd4 Rc8
22. Rd3 1/2-1/2

[Event "BL 1617 Schwäbisch Hall - SG Trier"]
[Site "?"]
[Date "2016.10.15"]
[Round "1.3"]
[White "Parligras, Mircea-Emilian"]
[Black "Gharamian, Tigran"]
[Result "1/2-1/2"]
[WhiteElo "2607"]
[BlackElo "2626"]
[PlyCount "56"]
[EventDate "2016.??.??"]

1. d4 Nf6 2. c4 e6 3. Nc3 d5 4. cxd5 exd5 5. Bg5 Be7 6. e3 c6 7. Bd3 Nbd7 8.
Nge2 Nf8 9. Qc2 Ne6 10. Bh4 g6 11. O-O O-O 12. Rab1 a5 13. a3 Re8 14. b4 axb4
15. axb4 Ng7 16. b5 Bf5 17. bxc6 Bxd3 18. Qxd3 bxc6 19. Ng3 h6 20. Bxf6 Bxf6
21. Rfc1 Ne6 22. Nce2 Qd7 23. Rb6 Rec8 24. Qb1 c5 25. dxc5 Ra1 26. Qb5 Rxc1+
27. Nxc1 Qxb5 28. Rxb5 Rxc5 1/2-1/2

[Event "BL 1617 Schwäbisch Hall - SG Trier"]
[Site "?"]
[Date "2016.10.15"]
[Round "1.4"]
[White "Cornette, Matthieu"]
[Black "Gledura, Benjamin"]
[Result "1/2-1/2"]
[WhiteElo "2599"]
[BlackElo "2585"]
[PlyCount "64"]
[EventDate "2016.??.??"]

1. e4 e5 2. Nf3 Nc6 3. Bc4 Bc5 4. O-O Nf6 5. d3 O-O 6. a4 a6 7. c3 d6 8. Bg5
Ba7 9. Na3 Ne7 10. Nh4 Ng4 11. Qf3 Kh8 12. h3 h6 13. Bxe7 Qxe7 14. Nf5 Bxf5 15.
exf5 Nf6 16. Qxb7 Qd7 17. Bxa6 Rfb8 18. Qf3 Bxf2+ 19. Qxf2 Rxa6 20. b3 Rxb3 21.
Nb5 Qc6 22. Kh2 Rxa4 23. Rxa4 Qxb5 24. Ra8+ Kh7 25. Rd8 Rb2 26. Qf3 Ra2 27. Rf8
e4 28. dxe4 Nh5 29. Qxh5 Qxf1 30. Qg4 Ra1 31. Rxf7 Qg1+ 32. Kg3 Qe1+ 1/2-1/2

[Event "BL 1617 Schwäbisch Hall - SG Trier"]
[Site "?"]
[Date "2016.10.15"]
[Round "1.5"]
[White "Bobras, Piotr"]
[Black "Michalik, Peter"]
[Result "1/2-1/2"]
[WhiteElo "2524"]
[BlackElo "2554"]
[PlyCount "53"]
[EventDate "2016.??.??"]

1. e4 c6 2. d4 d5 3. Nc3 dxe4 4. Nxe4 Bf5 5. Ng3 Bg6 6. h4 h6 7. Nf3 Nd7 8. h5
Bh7 9. Bd3 Bxd3 10. Qxd3 e6 11. Bd2 Ngf6 12. O-O-O Be7 13. Kb1 O-O 14. Ne4 Nxe4
15. Qxe4 Nf6 16. Qe2 Qd5 17. Be3 Qb5 18. c4 Qf5+ 19. Qd3 Qxd3+ 20. Rxd3 Ng4 21.
Ne5 Nxe3 22. fxe3 c5 23. d5 exd5 24. Rxd5 Rad8 25. Rhd1 Rfe8 26. Kc2 Bg5 27.
Rxd8 1/2-1/2

[Event "BL 1617 Schwäbisch Hall - SG Trier"]
[Site "?"]
[Date "2016.10.15"]
[Round "1.6"]
[White "Wirig, Anthony"]
[Black "Graf, Felix"]
[Result "1/2-1/2"]
[WhiteElo "2481"]
[BlackElo "2474"]
[PlyCount "49"]
[EventDate "2016.??.??"]

1. Nf3 Nf6 2. c4 b6 3. g3 Bb7 4. Bg2 g6 5. O-O Bg7 6. d4 O-O 7. d5 Na6 8. Nc3
Nc5 9. Nd4 e5 10. Nb3 d6 11. Nxc5 dxc5 12. a3 a5 13. Rb1 Ne8 14. b4 axb4 15.
axb4 cxb4 16. Ne4 h6 17. Rxb4 f5 18. Nc5 bxc5 19. Rxb7 Nd6 20. Rb1 e4 21. Be3
Ra5 22. Bd2 Ra2 23. Be3 Ra5 24. Bd2 Ra2 25. Be3 1/2-1/2

[Event "BL 1617 Schwäbisch Hall - SG Trier"]
[Site "?"]
[Date "2016.10.15"]
[Round "1.7"]
[White "Gonda, Laszlo"]
[Black "Womacka, Mathias"]
[Result "1/2-1/2"]
[WhiteElo "2490"]
[BlackElo "2424"]
[PlyCount "92"]
[EventDate "2016.??.??"]

1. d4 Nf6 2. c4 e6 3. g3 c5 4. Nf3 cxd4 5. Nxd4 Qc7 6. Nc3 a6 7. Bg2 Qxc4 8.
Bf4 Nc6 9. Nb3 d5 10. O-O Qb4 11. Rc1 Be7 12. a3 Qb6 13. e4 dxe4 14. Nxe4 O-O
15. Be3 Qc7 16. Nxf6+ Bxf6 17. Qe2 Qe5 18. Rc2 Ne7 19. Rd1 Nd5 20. Bc5 Qxe2 21.
Rxe2 Rd8 22. Na5 Bd7 23. Red2 Bc6 24. Bd4 Bxd4 25. Rxd4 Rac8 26. Nxc6 Rxc6 27.
Bxd5 Rcd6 28. Rc1 exd5 29. Rc7 R6d7 30. Rc5 g6 31. Kf1 Kg7 32. Ke2 Rd6 33. Kd3
g5 34. h4 h6 35. Rc7 R8d7 36. Rxd7 Rxd7 37. hxg5 hxg5 38. Rb4 Kf6 39. Kd4 Kf5
40. f3 g4 41. f4 f6 42. Rb3 Re7 43. Kxd5 Re2 44. Kc5 Rf2 45. Kb6 Rf3 46. Rc3
Rxc3 1/2-1/2

[Event "BL 1617 Schwäbisch Hall - SG Trier"]
[Site "?"]
[Date "2016.10.15"]
[Round "1.8"]
[White "Zpevak, Pavel"]
[Black "Galyas, Miklos"]
[Result "1/2-1/2"]
[WhiteElo "2343"]
[BlackElo "2467"]
[PlyCount "52"]
[EventDate "2016.??.??"]

1. d4 d6 2. Nf3 g6 3. c4 f5 4. Nc3 Nf6 5. Bf4 Bg7 6. e3 O-O 7. h3 Nc6 8. Be2
Ne4 9. O-O e5 10. Bh2 exd4 11. exd4 Ng5 12. Nxg5 Qxg5 13. f4 Qf6 14. d5 Nd4 15.
Bd3 Bd7 16. Kh1 Rab8 17. Bg1 c5 18. dxc6 bxc6 19. Qd2 c5 20. Rac1 Bc6 21. b3 a5
22. Nd5 Bxd5 23. cxd5 Rb4 24. Bc4 a4 25. Bxd4 Qxd4 26. Qxd4 Bxd4 1/2-1/2

[Event "BL 1617 USV TU Dresden - DJK Aachen"]
[Site "?"]
[Date "2016.10.15"]
[Round "1.1"]
[White "Nijboer, Friso"]
[Black "Almasi, Zoltan"]
[Result "0-1"]
[WhiteElo "2546"]
[BlackElo "2702"]
[PlyCount "62"]
[EventDate "2016.??.??"]

1. e4 c5 2. Nf3 d6 3. d4 cxd4 4. Nxd4 Nf6 5. Nc3 a6 6. Be3 e5 7. Nb3 Be6 8. h3
Nbd7 9. g4 Rc8 10. Qd2 b5 11. O-O-O Be7 12. f4 O-O 13. Kb1 exf4 14. Bxf4 Ne5
15. g5 Nfd7 16. Nd4 Nb6 17. Nf5 b4 18. Nxe7+ Qxe7 19. Qxd6 Qxd6 20. Rxd6 Nec4
21. Bxc4 Nxc4 22. Nd5 Nxd6 23. Ne7+ Kh8 24. Bxd6 Rcd8 25. e5 Rfe8 26. Rf1 Rd7
27. Nc6 Bxh3 28. Rc1 f6 29. gxf6 gxf6 30. b3 Bg2 31. Nb8 Rxd6 0-1

[Event "BL 1617 USV TU Dresden - DJK Aachen"]
[Site "?"]
[Date "2016.10.15"]
[Round "1.2"]
[White "Nisipeanu, Liviu-Dieter"]
[Black "Dambacher, Martijn"]
[Result "1/2-1/2"]
[WhiteElo "2687"]
[BlackElo "2480"]
[PlyCount "115"]
[EventDate "2016.??.??"]

1. d4 f5 2. Nf3 Nf6 3. Bg5 e6 4. Nbd2 d5 5. e3 Be7 6. Bd3 Nbd7 7. c4 Ne4 8.
Bxe7 Qxe7 9. Qc2 c6 10. g4 Ndf6 11. gxf5 exf5 12. cxd5 cxd5 13. Ne5 O-O 14. f3
Nd6 15. O-O-O Be6 16. Kb1 Rfc8 17. Qa4 Nd7 18. Rc1 Nxe5 19. dxe5 Nc4 20. Nxc4
dxc4 21. Bxc4 Bxc4 22. Rxc4 Qxe5 23. Rhc1 Rd8 24. Qb3 Qe6 25. Rc7 Qxb3 26. axb3
Re8 27. Rg1 g6 28. Rd1 Rxe3 29. Rdd7 Rxb3 30. Rg7+ Kh8 31. Rxh7+ Kg8 32. Ka2
Rxf3 33. Rcg7+ Kf8 34. Rxb7 Kg8 35. Rh6 a5 36. Rxg6+ Kh8 37. Rg3 Rf2 38. Rh3+
Kg8 39. Ka3 Re8 40. Rg3+ Kf8 41. Rgg7 Re3+ 42. Ka2 f4 43. h4 a4 44. Rbf7+ Ke8
45. Ra7 Kf8 46. Rgf7+ Kg8 47. Rfb7 Re8 48. Rg7+ Kh8 49. Rh7+ Kg8 50. Rag7+ Kf8
51. Rb7 Kg8 52. Rhg7+ Kh8 53. Rgf7 Ra8 54. Rh7+ Kg8 55. Rbg7+ Kf8 56. Rf7+ Kg8
57. Rfg7+ Kf8 58. Rf7+ 1/2-1/2

[Event "BL 1617 USV TU Dresden - DJK Aachen"]
[Site "?"]
[Date "2016.10.15"]
[Round "1.3"]
[White "Swinkels, Robin"]
[Black "Bartel, Mateusz"]
[Result "1/2-1/2"]
[WhiteElo "2484"]
[BlackElo "2641"]
[PlyCount "62"]
[EventDate "2016.??.??"]

1. d4 e6 2. e4 d5 3. Nc3 Bb4 4. e5 c5 5. a3 Bxc3+ 6. bxc3 Qa5 7. Bd2 Qa4 8. Qg4
Kf8 9. Qd1 b6 10. Bd3 Ba6 11. dxc5 bxc5 12. Nf3 Nd7 13. h4 h5 14. O-O Ne7 15.
Rb1 Nc6 16. Re1 Bxd3 17. cxd3 Qxd1 18. Rexd1 Ke7 19. c4 d4 20. Rb7 Rhb8 21.
Rdb1 Ke8 22. Bf4 Nd8 23. Rxb8 Rxb8 24. Rxb8 Nxb8 25. Nd2 Nd7 26. Bg3 Nc6 27.
Ne4 Kd8 28. Kf1 Ne7 29. Nd6 Nf5 30. Nxf5 exf5 31. f4 Kc7 1/2-1/2

[Event "BL 1617 USV TU Dresden - DJK Aachen"]
[Site "?"]
[Date "2016.10.15"]
[Round "1.4"]
[White "Socko, Bartosz"]
[Black "Hoffmann, Michael"]
[Result "1-0"]
[WhiteElo "2604"]
[BlackElo "2471"]
[PlyCount "71"]
[EventDate "2016.??.??"]

1. d4 Nf6 2. c4 c5 3. Nf3 cxd4 4. Nxd4 a6 5. Nc3 d5 6. e3 dxc4 7. Bxc4 e6 8.
O-O Bd6 9. Bb3 O-O 10. e4 Qc7 11. Nf3 Nc6 12. h3 Ne5 13. Bg5 Nxf3+ 14. Qxf3
Bh2+ 15. Kh1 Be5 16. Rac1 Qa5 17. Bd2 Bd7 18. Qe3 Bc6 19. f4 Bxc3 20. Bxc3 Qh5
21. Bxf6 gxf6 22. f5 e5 23. Bd5 Bxd5 24. exd5 Rfd8 25. Qb6 Qg5 26. d6 Qd2 27.
Rfd1 Qf4 28. Qxb7 Qxf5 29. d7 Kg7 30. Qc6 Ra7 31. Rc3 Raxd7 32. Rg3+ Kh6 33.
Rxd7 Rxd7 34. Rf3 Rd1+ 35. Kh2 Qg5 36. h4 1-0

[Event "BL 1617 USV TU Dresden - DJK Aachen"]
[Site "?"]
[Date "2016.10.15"]
[Round "1.5"]
[White "Zaragatski, Ilja"]
[Black "Paehtz, Elisabeth"]
[Result "1-0"]
[WhiteElo "2502"]
[BlackElo "2459"]
[PlyCount "123"]
[EventDate "2016.??.??"]

1. Nf3 g6 2. e4 Bg7 3. d4 d6 4. Be2 Nf6 5. Nc3 Bg4 6. O-O Nc6 7. Bg5 O-O 8. Qd2
Nd7 9. Nd5 Nf6 10. Nxf6+ exf6 11. Bh4 Bxf3 12. Bxf3 g5 13. Bg3 f5 14. exf5 Nxd4
15. Be4 Qf6 16. c3 Nxf5 17. Qc2 Ne7 18. f4 Ng6 19. fxg5 Qxg5 20. Rf5 Qd8 21.
Bxb7 Rb8 22. Bd5 c6 23. Bb3 Rb7 24. Rd1 Rd7 25. Qe4 d5 26. Qg4 Re8 27. h4 Re4
28. Qh3 h6 29. h5 Nf8 30. Bf2 Ne6 31. Bc2 Rf4 32. Rxf4 Nxf4 33. Qf5 Qg5 34.
Qxg5 hxg5 35. Re1 Bf6 36. h6 Ne6 37. Bf5 Re7 38. Bxe6 fxe6 39. Bc5 Re8 40. Bxa7
Kh7 41. a4 Kxh6 42. a5 e5 43. Ra1 Ra8 44. Bc5 Ra6 45. Kf2 Kg6 46. Ke3 Bd8 47.
b4 g4 48. Rf1 Bf6 49. Bb6 Bg5+ 50. Kd3 Be7 51. Bc7 Bf6 52. c4 e4+ 53. Ke3 dxc4
54. Kxe4 Ra8 55. Be5 Be7 56. Bc3 Re8 57. Kd4 Bg5 58. Kxc4 Re4+ 59. Kb3 Re2 60.
a6 Be3 61. Rf6+ Kh5 62. Re6 1-0

[Event "BL 1617 USV TU Dresden - DJK Aachen"]
[Site "?"]
[Date "2016.10.15"]
[Round "1.6"]
[White "Vogel, Roven"]
[Black "Braga, Fernando"]
[Result "1-0"]
[WhiteElo "2415"]
[BlackElo "2422"]
[PlyCount "74"]
[EventDate "2016.??.??"]

1. d4 Nf6 2. c4 c5 3. Nf3 cxd4 4. Nxd4 g6 5. Nc3 Nc6 6. e4 Bg7 7. Be3 d6 8. Be2
O-O 9. O-O Bd7 10. Qd2 Nxd4 11. Bxd4 Bc6 12. Bd3 a5 13. Rae1 a4 14. Nd5 Nd7 15.
Bxg7 Kxg7 16. Re3 e6 17. Rh3 Rh8 18. Nc3 Qa5 19. Be2 Qc5 20. Rd1 Nf6 21. Qh6+
Kg8 22. Rhd3 Ne8 23. h4 Ra5 24. b3 axb3 25. axb3 Ra3 26. h5 Rxb3 27. Nd5 exd5
28. Rxb3 dxc4 29. Rg3 b5 30. Rg5 Qa3 31. e5 Qb2 32. Bg4 Qc2 33. exd6 Nf6 34.
Rf1 Nxg4 35. Rxg4 Qf5 36. Rd4 Bd7 37. Ra1 Bc8 1-0

[Event "BL 1617 USV TU Dresden - DJK Aachen"]
[Site "?"]
[Date "2016.10.15"]
[Round "1.7"]
[White "Braun, Christian"]
[Black "Moehn, Hans"]
[Result "1-0"]
[WhiteElo "2376"]
[BlackElo "2386"]
[PlyCount "119"]
[EventDate "2016.??.??"]

1. e4 c6 2. d3 d5 3. Nd2 g6 4. Ngf3 Bg7 5. g3 e5 6. Bg2 Ne7 7. O-O O-O 8. Re1
d4 9. Nc4 Qc7 10. a4 b5 11. Na3 b4 12. Nc4 c5 13. c3 Be6 14. Ncd2 dxc3 15. bxc3
bxc3 16. Nb1 Nbc6 17. Nxc3 Rfd8 18. Ng5 Bc4 19. Nb5 Qb6 20. Be3 Bxb5 21. axb5
Nd4 22. Qa4 h6 23. Nf3 Nxb5 24. Reb1 a6 25. Qc4 Rdc8 26. Bh3 Rd8 27. Bxc5 Qf6
28. Ne1 Nc6 29. Nc2 Bf8 30. Bb6 Rdb8 31. Be3 Qd6 32. Qd5 Rd8 33. Qxd6 Bxd6 34.
Bxh6 Be7 35. Be3 Ncd4 36. Nxd4 exd4 37. Bf4 Nc3 38. Rb2 a5 39. Bc7 Bb4 40. Bxd8
Rxd8 41. Bg4 Kf8 42. Bd1 Ke7 43. Bb3 f6 44. h4 Rd7 45. f4 Kd6 46. Kg2 Kc5 47.
e5 fxe5 48. fxe5 Re7 49. e6 a4 50. Bxa4 Rxe6 51. Bb3 Re3 52. Bf7 Rxd3 53. Bxg6
Re3 54. Ra8 Nd5 55. Rc8+ Kb5 56. Rd8 Re5 57. Bf7 Ne3+ 58. Kh3 d3 59. Rxd3 Nc4
60. Rxb4+ 1-0

[Event "BL 1617 USV TU Dresden - DJK Aachen"]
[Site "?"]
[Date "2016.10.15"]
[Round "1.8"]
[White "Hoffmann, Paul"]
[Black "Di Benedetto, Edoardo"]
[Result "1/2-1/2"]
[WhiteElo "2372"]
[BlackElo "2241"]
[PlyCount "83"]
[EventDate "2016.??.??"]

1. e4 e6 2. d4 d5 3. Nc3 Nf6 4. Bg5 Bb4 5. e5 h6 6. Bd2 Bxc3 7. bxc3 Ne4 8. Bd3
Nxd2 9. Qxd2 c5 10. Nf3 Nc6 11. O-O Qa5 12. dxc5 Qxc5 13. Rab1 a6 14. Qf4 Qxc3
15. Rfe1 O-O 16. g4 f6 17. Qg3 Qc5 18. exf6 Rxf6 19. Ne5 Nxe5 20. Rxe5 Qd4 21.
Rd1 Qf4 22. g5 Qxg3+ 23. hxg3 hxg5 24. c4 Kf7 25. cxd5 exd5 26. Rxd5 Be6 27.
Rc5 Rc8 28. Rdc1 Rxc5 29. Rxc5 Bxa2 30. Rc7+ Kf8 31. Rxb7 Rd6 32. Be2 Re6 33.
Kf1 Bd5 34. Ra7 Rb6 35. f3 Bb7 36. Kf2 Ke8 37. Ke3 Kd8 38. Bxa6 Re6+ 39. Kd4
Bxa6 40. Rxg7 Be2 41. Rxg5 Bxf3 42. Rf5 1/2-1/2

[Event "BL 1617 Bayern München - OSG Baden Bad"]
[Site "?"]
[Date "2016.10.15"]
[Round "1.1"]
[White "Wojtaszek, Radoslaw"]
[Black "Bezold, Michael"]
[Result "1-0"]
[WhiteElo "2746"]
[BlackElo "2502"]
[PlyCount "75"]
[EventDate "2016.??.??"]

1. d4 d6 2. Nf3 Bg4 3. c4 Nd7 4. Nc3 Ngf6 5. g3 e5 6. Bg2 Be7 7. O-O O-O 8. h3
Bxf3 9. exf3 c6 10. f4 Re8 11. d5 Qc7 12. dxc6 bxc6 13. Be3 a5 14. b3 exf4 15.
Bxf4 Nc5 16. Be3 Nfd7 17. Qd2 Bf8 18. Rfd1 Rab8 19. Rab1 Nf6 20. Qc2 g6 21. Bd4
Bg7 22. Ne2 Ne6 23. Be3 Bf8 24. Qc3 Nd7 25. a3 c5 26. Qd2 Ne5 27. Nc3 Qd8 28.
Nb5 Qb6 29. Nc3 Qa6 30. Ne4 Red8 31. f4 Nc6 32. g4 Ned4 33. f5 Nxb3 34. Qf2 Be7
35. fxg6 fxg6 36. Nf6+ Kg7 37. Rf1 Ne5 38. Qh4 1-0

[Event "BL 1617 Bayern München - OSG Baden Bad"]
[Site "?"]
[Date "2016.10.15"]
[Round "1.2"]
[White "Fedorovsky, Michael"]
[Black "Adams, Michael"]
[Result "1-0"]
[WhiteElo "2498"]
[BlackElo "2745"]
[PlyCount "82"]
[EventDate "2016.??.??"]

1. d4 Nf6 2. c4 e6 3. Nf3 b6 4. e3 Bb7 5. Bd3 d5 6. O-O Bd6 7. Nc3 O-O 8. b3
Nbd7 9. Bb2 a6 10. Rc1 Qe7 11. Re1 Ne4 12. Qc2 f5 13. Ne2 c5 14. cxd5 exd5 15.
dxc5 bxc5 16. Ng3 a5 17. Red1 Rf7 18. Bb5 Rd8 19. Ba1 Nf8 20. Nh5 Ng6 21. Qe2
f4 22. exf4 Nxf4 23. Nxf4 Bxf4 24. Rc2 Rdf8 25. Qe1 Bc7 26. Rd3 Qe6 27. Qd1 d4
28. Bc4 Bd5 29. Bxd5 Qxd5 30. Qe2 Qf5 31. Rd1 g5 32. h3 h5 33. Qc4 g4 34. Nxd4
cxd4 35. Qxd4 Kh7 36. Re1 Rd8 37. Qe3 gxh3 38. g3 Re8 39. Qd3 Bb6 40. Bd4 Bxd4
41. Qxd4 Ng5 1-0

[Event "BL 1617 Bayern München - OSG Baden Bad"]
[Site "?"]
[Date "2016.10.15"]
[Round "1.3"]
[White "Bacrot, Etienne"]
[Black "Dragnev, Valentin"]
[Result "1-0"]
[WhiteElo "2692"]
[BlackElo "2438"]
[PlyCount "38"]
[EventDate "2016.??.??"]

1. e4 e5 2. Nf3 Nc6 3. Bc4 Bc5 4. d3 Nf6 5. c3 a6 6. O-O d6 7. a4 Ba7 8. Nbd2
O-O 9. h3 Ne7 10. Re1 Ng6 11. Nf1 b5 12. Bb3 Be6 13. d4 Re8 14. Ng3 c6 15. Bxe6
Rxe6 16. axb5 axb5 17. Be3 Qc7 18. Ra3 c5 19. d5 Ree8 1-0

[Event "BL 1617 Bayern München - OSG Baden Bad"]
[Site "?"]
[Date "2016.10.15"]
[Round "1.4"]
[White "Schenk, Andreas"]
[Black "Shirov, Alexei"]
[Result "1/2-1/2"]
[WhiteElo "2463"]
[BlackElo "2679"]
[PlyCount "114"]
[EventDate "2016.??.??"]

1. d4 d5 2. c4 c6 3. Nf3 Nf6 4. e3 Bg4 5. h3 Bh5 6. Nc3 e6 7. g4 Bg6 8. Ne5
Nbd7 9. Nxg6 hxg6 10. a3 g5 11. Bd2 Be7 12. Bd3 dxc4 13. Bxc4 b5 14. Bf1 a6 15.
Bg2 Rc8 16. Qe2 c5 17. O-O Nb6 18. a4 b4 19. Na2 a5 20. dxc5 Rxc5 21. Rfc1 Nxa4
22. Nxb4 Rxc1+ 23. Rxc1 axb4 24. Qb5+ Kf8 25. Bxb4 Nb6 26. Ba5 Nfd7 27. Rc6 g6
28. Bxb6 Nxb6 29. Rxb6 Kg7 30. Rb7 Bf6 31. Rd7 Qc8 32. Qb7 Qxb7 33. Rxb7 Be5
34. Rb5 Bd6 35. Kf1 Rb8 36. Rxb8 Bxb8 37. b4 Bd6 38. b5 Bc5 39. Ke2 f5 40. Bc6
Kf6 41. Be8 Bb6 42. Kd3 f4 43. Ke4 fxe3 44. fxe3 Ba7 45. Kd3 Bb6 46. e4 Bc5 47.
Kc4 Bf2 48. Kb4 Bb6 49. Kb3 Bf2 50. Ka4 Bb6 51. Kb4 Ke5 52. Bxg6 Kd4 53. Bh7
Bd8 54. Bg8 Bb6 55. Bxe6 Kxe4 56. Kc4 Ke5 57. Bc8 Kd6 1/2-1/2

[Event "BL 1617 Bayern München - OSG Baden Bad"]
[Site "?"]
[Date "2016.10.15"]
[Round "1.5"]
[White "Naiditsch, Arkadij"]
[Black "Belezky, Alexander"]
[Result "1-0"]
[WhiteElo "2684"]
[BlackElo "2397"]
[PlyCount "81"]
[EventDate "2016.??.??"]

1. e4 c5 2. Ne2 d6 3. g3 Nf6 4. Bg2 Nc6 5. O-O g6 6. c3 Bg7 7. d4 O-O 8. d5 Nb8
9. a4 Na6 10. Na3 Bd7 11. Bf4 Qe8 12. Nc4 Nh5 13. Be3 Qc8 14. f3 f5 15. exf5
gxf5 16. Qd2 Nc7 17. Rfe1 Nf6 18. Nf4 Bh6 19. Nh3 Bg7 20. Bg5 Rf7 21. Nf4 Kh8
22. Bh3 Qg8 23. Ne3 Nfe8 24. Kh1 Be5 25. Bh4 Qf8 26. Nh5 Qh6 27. f4 Qxh5 28.
fxe5 f4 29. Bxd7 fxe3 30. Qxe3 dxe5 31. Qxe5+ Qxe5 32. Rxe5 Rd8 33. Bxe8 Rxe8
34. Rae1 Kg7 35. d6 Na6 36. Bxe7 Nb8 37. Rg5+ Kh6 38. Re6+ Rf6 39. Rxf6+ Kxg5
40. Rf8+ Rxe7 41. dxe7 1-0

[Event "BL 1617 Bayern München - OSG Baden Bad"]
[Site "?"]
[Date "2016.10.15"]
[Round "1.6"]
[White "Ribli, Zoltan"]
[Black "Movsesian, Sergei"]
[Result "1/2-1/2"]
[WhiteElo "2555"]
[BlackElo "2677"]
[PlyCount "64"]
[EventDate "2016.??.??"]

1. Nf3 d5 2. d4 Nf6 3. c4 e6 4. Nc3 Bb4 5. Bg5 h6 6. Bxf6 Qxf6 7. Qa4+ Nc6 8.
e3 O-O 9. Be2 dxc4 10. O-O Bd7 11. Bxc4 Bxc3 12. bxc3 Qe7 13. Qc2 Na5 14. Bd3
c5 15. Ne5 Rfd8 16. f4 Be8 17. Qf2 Nc6 18. Qg3 f5 19. Nf3 Rac8 20. Qf2 cxd4 21.
exd4 Qa3 22. Qd2 Ne7 23. Rac1 Bh5 24. Ne5 Nd5 25. Bc4 b5 26. Bb3 Qd6 27. h3 a5
28. Rfe1 Nf6 29. a3 Nd5 30. a4 bxa4 31. Bxa4 Rc7 32. Bb3 Be8 1/2-1/2

[Event "BL 1617 Bayern München - OSG Baden Bad"]
[Site "?"]
[Date "2016.10.15"]
[Round "1.7"]
[White "Gustafsson, Jan"]
[Black "Reich, Thomas"]
[Result "1-0"]
[WhiteElo "2628"]
[BlackElo "2352"]
[PlyCount "69"]
[EventDate "2016.??.??"]

1. d4 Nf6 2. c4 g6 3. Nc3 Bg7 4. e4 O-O 5. Nf3 c5 6. d5 d6 7. Bd3 e6 8. O-O
exd5 9. exd5 Bg4 10. h3 Bxf3 11. Qxf3 Nbd7 12. Qd1 Nh5 13. Ne4 Ndf6 14. Ng5 h6
15. Nf3 Nd7 16. g4 Nhf6 17. Bf4 h5 18. Nd2 hxg4 19. hxg4 Re8 20. Kg2 Ne5 21.
Be2 b5 22. b3 bxc4 23. bxc4 Rb8 24. Rb1 Rxb1 25. Nxb1 Qa5 26. g5 Nh5 27. Bd2
Qxa2 28. Nc3 Qa6 29. Nb5 Qb6 30. Qa4 Re7 31. Rb1 Nc6 32. dxc6 Rxe2 33. Nc3 Bd4
34. Rxb6 Rxf2+ 35. Kh3 1-0

[Event "BL 1617 Bayern München - OSG Baden Bad"]
[Site "?"]
[Date "2016.10.15"]
[Round "1.8"]
[White "Meister, Peter"]
[Black "Martin, Julian"]
[Result "1-0"]
[WhiteElo "2359"]
[BlackElo "2288"]
[PlyCount "85"]
[EventDate "2016.??.??"]

1. d4 Nf6 2. Nf3 e6 3. e3 b6 4. Bd3 c5 5. O-O Bb7 6. c4 Be7 7. Nc3 d6 8. d5
exd5 9. cxd5 a6 10. e4 b5 11. Re1 O-O 12. a4 b4 13. Nb1 Nbd7 14. Nbd2 Ng4 15.
Nc4 f5 16. exf5 Bxd5 17. Be4 Bxe4 18. Rxe4 Ndf6 19. Re6 d5 20. Nb6 Rb8 21. a5
c4 22. Qd4 Kh8 23. Bf4 Rb7 24. h3 Nxf2 25. Qxf2 Ne4 26. Rxe4 dxe4 27. Nd4 Bc5
28. Be3 Qe8 29. Nxc4 Rbf7 30. g4 Qc8 31. Rc1 Bxd4 32. Bxd4 Rc7 33. b3 Qd7 34.
Rd1 Qe7 35. Re1 Qg5 36. Rxe4 Rcf7 37. Kg2 h5 38. h4 Qd8 39. Ne5 Rf6 40. Qe2 Qd5
41. g5 Rxf5 42. Ng6+ Kh7 43. Qxh5+ 1-0

[Event "BL 1617 MSA Zugzwang - SP Schwegenheim"]
[Site "?"]
[Date "2016.10.15"]
[Round "1.1"]
[White "Neiksans, Arturs"]
[Black "Bromberger, Stefan"]
[Result "1-0"]
[WhiteElo "2624"]
[BlackElo "2535"]
[PlyCount "67"]
[EventDate "2016.??.??"]

1. c4 e5 2. g3 Nf6 3. Bg2 c6 4. d4 e4 5. d5 cxd5 6. cxd5 Bc5 7. Nc3 O-O 8. e3
Qe7 9. Nge2 d6 10. h3 b5 11. Nxb5 Nbd7 12. Nec3 Rb8 13. a4 a6 14. Nd4 Bxd4 15.
exd4 Bb7 16. O-O Bxd5 17. Re1 Bb3 18. Qe2 d5 19. Qxa6 Qb4 20. Bf4 Bc4 21. Qd6
Qxb2 22. Qa3 Rb3 23. Qxb2 Rxb2 24. Reb1 Rc2 25. Nd1 Bd3 26. Ne3 Rc6 27. Rb3 Ra8
28. Rxd3 exd3 29. Nxd5 Rca6 30. Nxf6+ Nxf6 31. Bxa8 Rxa8 32. a5 Nd5 33. Bd2 Nb6
34. Rc1 1-0